000 00715cab a2200241 4500
001 ABS46880
008 090401t1992 xxu||||| |||| 00| 0 eng d
035 _a(Sirsi) u59923
041 _aeng
245 _aRefurbishment
260 _c1992
350 _a0
490 _aBuilding
_v257(7759) 28 August 1992 (LOAN)
520 _aA "Building " supplement, which includes items on urban regeneration, Bethnal Green`s regeneration programme, rejuvenation of Ramsgate and street design in Leeds.
650 _aBETHNAL GREEN
650 _aCIVIC TRUST
650 _aRAMSGATE
650 _aURBAN REGENERATION
690 _aRefurbishment
_96264
690 _aURBAN RENEWAL
942 _n0
948 _c04/03/1997
999 _c36868
_d36868